Investigación cualitativa: miradas desde el Trabajo Social

Сохранить в:
Библиографические подробности
Главный автор: Burgos Ortiz, Nilsa M (Автор)
Формат:
Язык:испанский
Опубликовано: Buenos Aires Espacio 2011
Редактирование:1a. ed
Предметы:
Метки: Добавить метку
Нет меток, Требуется 1-ая метка записи!

MARC

LEADER 00000cam a2200000 a 4500
001 UCF1494
003 CL-VaPUC
008 120706e20110000AG |||||||||||||||||spa|d
020 |a 9789508023414 
082 0 4 |a 361.3  |b BUR  |2 21 
100 0 |a Burgos Ortiz, Nilsa M  |e author  |9 563006 
245 1 0 |a Investigación cualitativa: miradas desde el Trabajo Social 
250 |a 1a. ed 
300 |a 159 p 
942 |c BK 
945 |d 20120706 00:00:00  |a dcastane 
260 |a Buenos Aires  |b Espacio  |c 2011 
650 0 |a Trabajo social   |9 307856 
650 0 |a Investigación cualitativa  |9 389535 
650 0 |a Métodos de investigación   |9 262618 
583 |a last modification  |c 20150107 01:58:36  |k Rodrigo Vera 
999 |c 348246  |d 348244 
952 |0 0  |1 0  |4 0  |6 361_300000000000000_BUR_2011  |7 0  |8 A  |9 450198  |a BIBGIM  |b BIBGIM  |d 2019-11-22  |i 4880412  |o 361.3 BUR 2011  |p 4880412  |r 2025-01-15  |w 2019-11-22  |y BK  |k SSL 
952 |0 0  |1 0  |4 0  |6 361_300000000000000_BUR_2011  |7 0  |8 A  |9 450199  |a BIBGIM  |b BIBGIM  |d 2019-11-22  |i 4880404  |l 1  |m 1  |o 361.3 BUR 2011  |p 4880404  |r 2025-03-03  |s 2025-01-22  |w 2019-11-22  |y BK  |k SSL 
952 |0 0  |1 0  |4 0  |6 361_300000000000000_BUR_2011  |7 0  |8 A  |9 450200  |a BIBGIM  |b BIBGIM  |d 2019-11-22  |i 4880390  |o 361.3 BUR 2011  |p 4880390  |r 2025-01-15  |w 2019-11-22  |y BK  |k SSL